Movies Quiz

Random Movies or Quote Quiz

Will Ferrell Movie Quotes Quiz Stats

 Plays Quiz Updated Jul 13, 2014

     
Support Sporcle.
Go Orange.
Score 0/20 Timer 05:00
2 Plays Today
% Correct
Talladega Nights: The Ballad of Ricky Bobby
85.2%
Step Brothers
77.5%
Zoolander
73.6%
Anchorman: The Legend of Ron Burgundy
72.3%
Elf
71.8%
Wedding Crashers
64.1%
Austin Powers: The Spy Who Shagged Me
57.6%
The Lego Movie
56.6%
Old School
55.1%
Kicking and Screaming
52.9%
% Correct
Megamind
51.1%
The Other Guys
46.1%
Blades of Glory
31.4%
Semi-Pro
30.1%
A Night at the Roxbury
29.1%
The Campaign
26.6%
Starsky and Hutch
26.6%
Jay and Silent Bob Strike Back
22%
Land of the Lost
9.5%
The Producers
7.7%

From the Vault

'90s Song Title Match-Up

by babymonkee

Music 4m
It was the last decade of the 20th century, and some feelings could only be expressed through song.
Remove Ads.
Support Sporcle.
Get the best of Sporcle when you Go Orange. This ad-free experience offers more features, more stats, and more fun while also helping to support Sporcle. Thank you for becoming a member.

Show Comments

Extras

Top Quizzes Today


Score Distribution

Your Account Isn't Verified!

In order to create a playlist on Sporcle, you need to verify the email address you used during registration. Go to your Sporcle Settings to finish the process.

Report this User

Report this user for behavior that violates our Community Guidelines.

Details: